Les météos dans Pokémon - Statistiques

Statistiques générales
  • Ce quiz a été pris 45 fois
  • Le résultat moyen est 6 sur 11
Statistiques - réponses
Météos % Correct
Pluie
100%
Soleil
100%
Neige
83%
Grêle
79%
Tempête de sable
79%
Brouillard
60%
Tempête de neige
17%
Pluie battante
12%
Soleil intense
10%
Beau temps
7%
Vent mystérieux
7%
Aucun quiz correspondant
Distribution des résultats
% des personnes avec chaque résultat
Percentile par nombre de réponses
Votre historique - résultats
Vous n’avez pas pris ce quiz